000 00862cam a22002657a 4500
003 CHAP
005 20220329141813.0
008 971013s1968 r 00010 d
010 _a74108
011 _a75080
035 _a84640
040 _cCHAP
082 _a333
_bB36
100 0 0 _aBarros, Alfonso de.
_910582
245 1 2 _aO arrendamiento e a parceria rurais ; estudo comparativo das legislacoes de diversos paises
260 _aLisboa :
_bFundacao Calouste Gulbenkian. Centro de Estudos de Economia Agraria,
_c1968
300 _a310 p.
590 _aBATCH-UPD
_b10
_c20130110
_lUCH01
_h0952
590 _aCONVERSION
_b10
_c20130109
_lUCH01
_h1340
650 1 4 _aTierras
_xArrendamiento.
_9113092
650 1 4 _aTierras
_xTenencia
_xLeyes.
_9113179
901 _aBK
942 _cLIBRO
949 _a333 B36
_bBC
_cLIBRO
_d33724000339263
_eLIBRO
_h40718
_i84640
_si
999 _c74108
_d74108